00528nam a2200169Ia 4500008004000000082001700040100002100057245002600078250000500104260003800109300001300147650002100160690001900181906001100200999001700211952013000228210210b1995 xxu||||| |||| 00| 0 eng d a362.293 AGGN aAGGRAWAL (Anil). aNarcotic drugs. Ed 1. a aIndia.bNational Book Trustc1995 axiii,161 aDrug Addiction  aSocial Welfare a050859 c99527d99527 001040708Social WorkaALbALcSocial Workd2021-02-17g46.00l0o362.293 AGGNp050859r2021-02-17 00:00:00w2021-02-17yBK